02384cam a22010694i 4500003000900000005001700009008004100026035001800067040003300085082002000118100003200138245006900170264003200239300005400271336002100325337002500346338002300371505027600394526000900670526000900679526000900688526000900697526000900706526000900715526000900724526000900733526000900742526000900751526000900760526000900769526000900778526000900787526000900796526000900805526000900814526000900823526000900832526000900841526000900850526000900859526000900868526000900877526000900886526000900895526000900904526000900913526000900922526000900931526000900940526000900949526000900958526000900967526000900976526000900985526000900994526000801003526000801011526000801019526000801027526000801035526000801043526000801051526000801059526000801067526000801075526000801083526000801091526000801099526000801107526000801115526000801123526000801131526000801139526000801147526000801155526000801163526000801171526000801179526000801187526000801195526000801203526000801211526000801219526000801227526000801235526000801243526000801251526000801259526000801267526000801275650003101283PE-LiUPU20250813185543.0150616s                r     000 0     d  a(Sirsi) a4194  aPE-LiUPUbspacPE-LiUPUerda04a392.85bS182211 aSalcedo F., Manuel,eautor.13aLa familia, la infancia y la juventud en el desarrollo nacional. 1aLima :b[Rávago],c1967].  a592 páginas :bilustraciones  cuadros ;c20 cm.  atext2rdacontent  aunmediated2rdamedia  avolume2rdacarrier0 aReconocimiento -- Introducción -- Informe del relator general -- Evaluación -- Conferencias especiales -- Documentos técnicos -- Colaboradores.  Organización y desarrollo de la conferencia: -Organización - temarios - trabajos -- Sesiones inagural y de clausura.  aP202  aP201  aP163  aP162  aP161  aP160  aP148  aP147  aP146  aP145  aP144  aP143  aP142  aP141  aP140  aP139  aP138  aP137  aP136  aP135  aP134  aP133  aP129  aP128  aP127  aP120  aP119  aP118  aP116  aP115  aP114  aP110  aP109  aP108  aP104  aP103  aP102  aP99  aP98  aP97  aP96  aP95  aP93  aP90  aP89  aP88  aP83  aP82  aP62  aP59  aP58  aP57  aP51  aP49  aP48  aP47  aP29  aP24  aP20  aP19  aP17  aP15  aP14  aP12  aP10  aP09  aP08  aP07  aP06  aP05  aP04  aP0104aPROBLEMAS SOCIALES - PERU.